Toulouse - Culture générale - Statistiques

Statistiques générales
  • Ce quiz a été pris 16 068 fois
    14 757 depuis la dernière actualisation
  • Le résultat moyen est 15 sur 25
Statistiques - réponses
Information Réponse % Correct
Couleur qualifiant Toulouse Rose
99%
Nom donné à un habitant de Toulouse Toulousain
97%
Constructeur aéronautique mondial basé à Toulouse Airbus
85%
Canal qui relie Toulouse à la Méditerranée Canal du {Midi}
83%
Spécialité régionale à base de haricots secs et de viande Cassoulet
82%
Place centrale faisant face à l'hôtel de ville Place du {Capitole}
79%
Département dont Toulouse est le chef-lieu Haute-Garonne
78%
Club de rugby le plus titré en France, et en Europe Stade toulousain
75%
Frères connus pour leur groupe de rap Bigflo et Oli
71%
Ce que désigne le surnom Téfécé le Toulouse FC
71%
Nom latin et occitan de Toulouse Tolosa
69%
Commune limitrophe qui accueille l'aéroport Blagnac
64%
Parc de 7ha qui abritait autrefois de nombreux animaux exotiques Jardin des {Plantes}
64%
En dépit de son nom, plus vieux pont qui enjambe la Garonne Pont Neuf
62%
Fleur, symbole et confiserie de la ville Violette
58%
Chanteur connu pour Armstrong (1965) ou (Ô) Toulouse (1967) comme hommage à sa ville Claude Nougaro
53%
Parc culturel à thème scientifique Cité de l'espace
47%
Socialiste et pacifiste assassiné en 1914 qui résidait Toulouse et a donné son nom à une université (entre autres) Jean Jaurès
45%
Fusée de 53m de haut qui a sa maquette grandeur nature dans ce parc Ariane 5
34%
Meilleur marqueur du XV de France (en terme de points), formé dans le club mentionné plus haut Frédéric {Michalak}
34%
Roi franc qui pilla la ville en 508 Clovis Ier
32%
Chef cuisinier et jury de l'émission Top Chef de 2015 à 2021 Michel Sarran
31%
Peuple "barbare" qui fit de Toulouse la capitale de leur royaume Wisigoths
29%
En plus de l'hôtel de ville, ce qu'abrite le bâtiment de cette place Théâtre
23%
Pionnier de l'aviation commerciale et postale Pierre-Georges {Latécoère}
10%
Aucun quiz correspondant
Distribution des résultats
% des personnes avec chaque résultat
Percentile par nombre de réponses
Votre historique - résultats
Vous n’avez pas pris ce quiz depuis la dernière actualisation